00782nam a2200253 a 4500001001300000003000900013005001700022008004100039020000800080082001500088100002800103245006000131260005100191300000900242500003500251505001300286650002300299650003700322700002800359902000800387942000700395952011100402999001500513nice12345678IN_TiNIC20260116011620.0050524s0000 lona grp 000 0 eng  ac000a270.1bJOH aJohn, Bishop Of Bristol aEcclesiastical History of the Secon and Third Centuries aLondonbGriffith Farran Okeden and Welshc0000 a291p aincludes index and biblioraphy2 aIll, App aChristianity-Spain aChurch-History Primitive & Early1 aJohn, Bishop Of Bristol bSRS cBK 001040708StackRoom-aHMIbHMId2005-05-24g0.00l0o270.1 JOHp03978r2005-05-24v0.00w2005-05-24yBK c2906d2906